Harry's House Tracklist By Streams - Statistics

General Stats
  • This quiz has been taken 5 times
  • The average score is 9 of 13
Answer Stats
# Streams Answer % Correct
1 3,971,082,108 As It Was
100%
2 1,099,913,824 Late Night Talking
100%
7 429,390,303 Little Freak
80%
9 340,464,171 Love Of My Life
80%
3 640,776,441 Matilda
80%
5 460,662,397 Music For a Sushi Restaurant
80%
4 533,059,703 Satellite
80%
13 183,180,878 Boyfriends
60%
12 262,580,293 Cinema
60%
6 431,308,613 Daylight
60%
10 273,006,512 Grapejuice
60%
8 400,249,240 Keep Driving
60%
11 265,501,266 Daydreaming
40%
No matching quizzes found
Score Distribution
Percent of People with Each Score
Percentile by Number Answered
Your Score History
You have not taken this quiz